Soup Quiz - Statistics

General Stats
  • This quiz has been taken 183 times
  • The average score is 7 of 18
Answer Stats
Hint Answer % Correct
Leek &... potato
76%
Very liquid soup Broth
64%
Cold Spanish tomato soup Gazpacho
54%
Eastern Europe beetroot soup Borscht
53%
Very thick soup Stew
53%
Hungarian signature soup Goulash
49%
Italian soup, vegetables and noodles Minestrone
49%
Creole soup, popular in New Orleans Gumbo
43%
Popular soup made from a stinging plant Nettle soup
42%
Tom Yum Goong originates from this country Thailand
41%
Name for a chunky soup Chowder
35%
Carrot &... coriander
26%
Name for a smooth soup Bisque
24%
Brown English soup, shares name with a castle Windsor
24%
Flavourless, morally reprehensible soup, extremely damaging to the ecosystem Shark-fin soup
23%
Iconic Marseille fish soup, means 'boil and simmer' Bouillabaisse
18%
Called 'Scotland's national soup' Cock-a-leekie
16%
Name for traditional Welsh soup Cawl
7%
No matching quizzes found
Score Distribution
Percent of People with Each Score
Percentile by Number Answered
Your Score History
You have not taken this quiz